Convenios y recomendaciones adoptados por la Conferencia Internacional del Trabajo 1919-1966

Salvato in:
Dettagli Bibliografici
Ente Autore: OIT (autor)
Natura: Libro
Lingua:spagnolo
Pubblicazione: Ginebra, Suiza OIT 1966
Soggetti:
Tags: Aggiungi Tag
Nessun Tag, puoi essere il primo ad aggiungerne!!

MARC

LEADER 00000nam a2200000 a 4500
001 UCS2553
003 CL-VaPUC
005 20220907074512.0
008 970604e19660000SZ |||||||||||||||||spa|d
999 |c 260499  |d 260497 
040 |c Pontificia Universidad Católica de Valparaíso 
082 0 4 |a 341.763 OIT 1966  |2 21 
110 2 |a OIT  |e autor  |9 388130 
245 1 0 |a Convenios y recomendaciones adoptados por la Conferencia Internacional del Trabajo 1919-1966 
260 0 3 |a Ginebra, Suiza  |b OIT  |c 1966 
300 |a 1251 páginas 
583 |a last modification  |c 20170712 04:21:17  |k Rodrigo Vera 
600 0 7 |a OIT  |2 CL-VaPUC  |9 388130 
650 0 |a Derecho internacional  |9 255637 
650 7 |a DERECHO LABORAL  |2 CL-VaPUC  |9 15 
650 7 |a JORNADA DE TRABAJO  |2 CL-VaPUC  |9 388087 
650 7 |a DESCANSO REMUNERADO  |2 CL-VaPUC  |9 388131 
650 7 |a REMUNERACIONES  |2 CL-VaPUC  |9 371777 
650 7 |a INGRESO MINIMO  |2 CL-VaPUC  |9 388084 
650 0 |a Accidentes de trabajo  |9 254901 
650 0 |a Sindicatos  |9 255034 
650 7 |a CONTRATO DE TRABAJO  |2 CL-VaPUC  |9 388132 
942 |c BK  |2 ddc 
945 |d 19970604 00:00:00  |a paguirre 
952 |0 0  |1 0  |2 ddc  |4 0  |6 341_763000000000000_OIT_1966  |7 0  |8 A  |9 286676  |a BIBDER  |b BIBDER  |d 2019-11-19  |i 1861131  |o 341.763 OIT 1966  |p 1861131  |r 2023-01-25  |t 1  |w 2019-11-19  |y BK  |k DER